000 00492nam a2200181 a 4500
001 1762599383787
003 ACL
005 20251108163722.0
008 251108s2008##################000#0#eng##
020 _a9781599046303
082 0 4 _a658.4012
_bOSU
100 1 _aO'Sullivan, Kevin,
_eauthor.
245 1 0 _aStrategic Knowledge Management in Multinational Organizations :
260 _bIGI Global,
_c2008.
650 0 _aBusiness & Economics.
942 _cENGLISH
040 _aACL
_beng
_cACL
999 _c596703
_d596703